LEADER 00943nam a2200229 i 4500 001 000000231547 003 CaOOAMICUS 005 20200511094308.0 008 140804s1770 it u000 u ita u 013 $a210450 026 $aA.c. lan- 4.c. (cfa (3) 1770 (R) 040 $aSeMil$bita 245 10$a12: Tomo duodecimo postumo dei Re primo. 300 $aXII, 376 p. 500 $aSegn. : a6 A-3A4. 773 0 $aGranelli, Giovanni, $tIstoria santa dell'Antico Testamento spiegata in lezioni morali, istoriche, critiche, e cronologiche da Giovanni Granelli ..$dIn Parma : Nella Regio-Ducale Stamperia degli Eredi Monti, 1765-1771.$g12$w()30258 850 $aSeMil 852 $aSeMil$W1$xVenegono$y1$m2W III 12 FA$j181893$B181893$CSeMilBibl$Z2$F192767 $8I 941 1 $a10 961 $aRecupero: Mantegazza 996 $6245$a12: Tomo duodecimo postumo dei Re primo$9(OLS)http://semarc/title/330619 LEADER 01497nam a2200289 i 4500 001 000000045770 003 CaOOAMICUS 005 20150724000000.0 008 150724s1982 it u000 u ita u 013 $a16940 040 $aSeMil$bita 100 1 $aGiovagnoli, Agostino,$d<1952- >.$0(OLS)http://semarc/name/22746 245 13$aLe premesse della ricostruzione :$btradizione e modernità nella classe dirigente cattolica del dopoguerra /$cAgostino Giovagnoli ; Prefazione di Piero Scoppola. 260 $aMilano :$bNuovo istituto editoriale italiano,$ccopyr. 1982. 300 $aXIV, 468 p. ;$c21 cm. 490 0 $aCultura, storia, società ;$v2 500 $aIn preliminari : Fondo Conti. 600 14$aDe Gasperi, Alcide <1881-1954>.$0(OLS)http://semarc/subject/3987 650 4$aMovimento cattolico - Storia - Sec. 20.$0(OLS)http://semarc/subject/5423 650 4$aDemocrazia Cristiana <1943-1994>.$0(OLS)http://semarc/subject/1963 700 1 $aScoppola, Pietro <1926-2007>.$0(OLS)http://semarc/name/22747 830 0$aCultura, storia, società ;$v2.$0(OLS)http://semarc/title/27681 850 $aSeMil 852 $aSeMil$W1$xVenegono$y1$m3N V 211$j11925$B11925$CSeMilBibl$Z2$F11925 $81 961 $aOmaggio: Conti Franco 996 $6245$aLe premesse della ricostruzione :$btradizione e modernità nella classe dirigente cattolica del dopoguerra$9(OLS)http://semarc/title/68180 996 $6260$aMilano :$bNuovo istituto editoriale italiano$9(OLS)http://semarc/publisher/35411